Arturo Bealby (Record no. 140800)
[ view plain ]
| 000 -LEADER | |
|---|---|
| campo de control de longitud fija | 00593nam a2200181 i 4500 |
| 001 - NÚMERO DE CONTROL | |
| campo de control | 140800 |
| 003 - IDENTIFICADOR DE NÚMERO DE CONTROL | |
| campo de control | ES-MaACL |
| 005 - FECHA Y HORA DE LA ÚLTIMA TRANSACCIÓN | |
| campo de control | 20250522202635.0 |
| 007 - CAMPO FIJO DE DESCRIPCIÓN FÍSICA--INFORMACIÓN GENERAL | |
| campo de control de longitud fija | t| |
| 008 - DATOS DE LONGITUD FIJA--INFORMACIÓN GENERAL | |
| campo de control de longitud fija | 070917s1919 sp ||||1| spa d |
| 100 0# - ENTRADA PRINCIPAL--NOMBRE DE PERSONA | |
| Nombre de persona | Wells, H. G., |
| Fechas asociadas al nombre | 1866-1946 |
| 9 (RLIN) | 116458 |
| 245 10 - MENCIÓN DEL TÍTULO | |
| Título | Arturo Bealby |
| Resto del título | : aventuras veraniegas : novela inglesa / |
| Mención de responsabilidad, etc. | H. G. Wells ; versión castellana de Ramón D. Péres. |
| 260 ## - PUBLICACIÓN, DISTRIBUCIÓN, ETC. | |
| Lugar de publicación, distribución, etc. | [Barcelona : |
| Nombre del editor, distribuidor, etc. | Gustau Gili, |
| Fecha de publicación, distribución, etc. | 1919] |
| 300 ## - DESCRIPCIÓN FÍSICA | |
| Extensión | 298 p. ; |
| Dimensiones | 19 cm. |
| 700 1# - ENTRADA AGREGADA--NOMBRE PERSONAL | |
| Nombre de persona | Perés, Ramón D., |
| Fechas asociadas al nombre | 1863-1956 |
| 9 (RLIN) | 90527 |
| 852 ## - LOCALIZACIÓN | |
| Ubicación | ES-MaACL |
| Número de control de estantería | F-8438 |
| Estatus retirado | Estado de pérdida | Estado de daño | No para préstamo | Biblioteca de origen | Biblioteca actual | Ubicación en estantería | Fecha de adquisición | Fuente de adquisición | Total de préstamos | Signatura topográfica completa | Código de barras | Visto por última vez | Precio de reemplazo | Tipo de ítem Koha |
|---|---|---|---|---|---|---|---|---|---|---|---|---|---|---|
| Biblioteca del Ateneo de Madrid | Biblioteca del Ateneo de Madrid | Sala Pecera Planta 2 | 17/01/2008 | F-8438 | 1146514 | 23/02/2023 | 23/02/2023 | Libro impreso |
